Afghanistan - Sudden Death - Statistics

General Stats
  • This quiz has been taken 328 times
  • The average score is 3 of 10
Answers on the Grid
Answers color-coded by a green-red scale on the quiz's grid according to % correct below.
Borders China
Borders India
Called the "Graveyard of Kingdoms"
Capital city is Kabul
Capital city is named after a river
Claims the Kashmir territory
Currency is the Afghani
Currently ruled by Taliban
Landlocked country
Majority Shia Islamic
Officially called Republic of Afghanistan
Once part of British Empire
Over 50% urbanized population
People are called Afghanis
Produces 90% of world's opium poppies
Run as a theocracy
Smaller than Texas
Urdu is the official language
Was invaded by Mongols
Was part of USSR
 
Answer Stats
Answer % Correct
Borders China
80%
Capital city is Kabul
49%
Landlocked country
35%
Currently ruled by Taliban
33%
Currency is the Afghani
26%
Run as a theocracy
17%
Produces 90% of world's opium poppies
16%
Was invaded by Mongols
16%
Capital city is named after a river
12%
Smaller than Texas
8%
No matching quizzes found
Score Distribution
Percent of People with Each Score
Percentile by Number Answered
Your Score History
You have not taken this quiz